| 000 | 00711nam a2200193Ii 4500 | ||
|---|---|---|---|
| 003 | JO-AjNU | ||
| 008 | 230605s9999||||xx |||||||||||||| ||und|| | ||
| 040 |
_aJO-AjNU _bara _erda _cJO-AjNU |
||
| 041 | _aara | ||
| 050 | 1 | 4 | _aHF5415 .1265.S235.2009 |
| 100 | 3 |
_aصابر،محمد عبد العليم, _eauthor _931976 |
|
| 245 | 0 | 0 | _aالتسويق والتجارة الالكترونية |
| 264 | 3 | 1 | _aالاسكندرية:دار الفكر الجامعي؛2009 |
| 300 |
_a337ص _bيحتوي على ببلوغرافية من ص333-337ص |
||
| 336 |
_atext _btxt _2rdacontent |
||
| 337 |
_aunmediated _bn _2rdamedia |
||
| 338 |
_avolume _bnc _2rdacarrier |
||
| 650 | 4 |
_aالتسويق الالكتروني _931977 |
|
| 999 |
_aA12852 _c16420 _d16420 |
||